kadra PSG 2024/25 - Statystyki

Ogólne statystyki
  • Ten quiz został rozwiązany 539 razy
    116 od ostatniego zresetowania
  • Średni wynik to 16 z 35
Statystyki odpowiedzi
pozycja wiek kraj numer piłkarz Wartość rynkowa % Poprawnych
BR 25 Włochy 99 Gianluigi Donnarumma 40 mln
96%
PS 27 Francja 10 Ousmane Dembele 60 mln
84%
PO 25 Maroko 2 Achraf Hakimi 60 mln
83%
ŚO 30 Brazylia 5 Marquinhos 50 mln
72%
LO 22 Portugalia 25 Nuno Mendes 55 mln
72%
N 23 Portugalia 9 Goncalo Ramos 50 mln
71%
LS 21 Francja 29 Bradley Barcola 50 mln
68%
ŚP 28 Hiszpania 8 Fabian Ruiz 35 mln
67%
ŚO 29 Słowacja 37 Milan Skriniar 30 mln
67%
ŚP 24 Portugalia 17 Vitinha 55 mln
66%
ŚPO 23 Korea Południowa 19 Kang-in Lee 25 mln
63%
ŚPD 19 Portugalia 87 Joao Neves 55 mln
57%
ŚPD 23 Urugwaj 4 Manuel Ugarte 45 mln
56%
ŚO 28 Francja 3 Presnel Kimpembe 12 mln
56%
N 25 Francja 23 Randal Kolo Muani 45 mln
56%
LO 28 Francja 21 Lucas Hernandez 40 mln
55%
ŚO 22 Ekwador 51 Willian Pacho 35 mln
55%
ŚPD 18 Francja 33 Warren Zaïre-Emery 60 mln
52%
BR 25 Rosja 39 Matvey Safonov 20 mln
50%
LS 28 Hiszpania 11 Marco Asensio 20 mln
47%
ŚO 20 Brazylia 35 Lucas Beraldo 30 mln
44%
BR 23 Hiszpania 80 Arnau Tenas 5 mln
43%
ŚP 27 Hiszpania 28 Carlos Soler 20 mln
38%
ŚPD 32 Portugalia 15 Danilo Pereira 8 mln
36%
PO 26 Francja 26 Nordi Mukiele 10 mln
32%
LO 31 Hiszpania ---- Juan Bernat 4 mln
27%
ŚPO 18 Francja 24 Senny Mayulu 5 mln
25%
ŚP 20 Włochy 27 Cher Ndour 4 mln
13%
PO 18 Francja 42 Yoram Zague 2,5 mln
13%
PO 25 Francja ---- Colin Dagba 1,2 mln
8%
ŚP 19 Francja 44 Ayman Kari 4 mln
6%
ŚPD 18 Brazylia 20 Gabriel Moscardo 15 mln
6%
N 19 Maroko ---- Ilyes Housni 2,8 mln
5%
ŚPO 20 Hiszpania ---- Ismael Gharbi 7,5 mln
4%
BR 21 Francja 70 Lucas Lavallee 200 k
3%
Nie znaleziono quizów pasujących do podanych kryteriów
Rozkład punktacji
Procent ludzi z każdym wynikiem
Percentyl według liczby udzielonych odpowiedzi
Twoja historia wyników
Nie rozwiązałeś tego quizu od ostatniego zresetowania